000 00572nam a2200193Ia 4500
008 151119s9999||||xx |||||||||||||| ||und||
082 _a294.592
082 _bGKKV19207
100 _aजोशी प्र न
245 _aब्रम्हवैवर्तपुराण
260 _a--
260 _b--
260 _c0
600 _aजोशी प्र न
630 _aब्रम्हवैवर्तपुराण
700 _aजोशी प्र न
730 _aब्रम्हवैवर्तपुराण
942 _cBOOK
999 _c1072186
_d1072183